ბათუმის შოთა რუსთაველის სახელმწიფო უნივერსიტეტის ბიბლიოთეკა

სტუდენტ ეთნოლოგთა სამეცნიერო ნაშრომები / (ბიბ.ჩანაწერი № 47893)

000 -ლიდერი
ფიქსირებული სიგრძის საკონტროლო ველი 01066nam a2200217Ia 4500
001 - საკონტროლო ნომერი
საკონტროლო ველი 14770
003 - საკონტროლო ნომრის იდენტიფიკატორი
საკონტროლო ველი GE_BSU
005 - ბოლო ოპერაციის თარიღი და დრო
საკონტროლო ველი 20241122120805.0
008 - ფიქსირებული სიგრძის მონაცემთა ელემენტები - ზოგადი ინფორმაცია
ფიქსირებული სიგრძის საკონტროლო ველი 181216s2015||||ge |||||||||||||| ||geo||
020 ## - წიგნის საერთაშორისო სტანდარტული ნომერი
International Standard Book Number 9789941224911
040 ## - კატალოგიზაციის წყარო
Transcribing agency GE_BSU
041 ## - ენის კოდი
Language code of text/sound track or separate title geo
080 ## - უნივერსალური ათობითი კლასიფიკაციის ინდექსი
Universal Decimal Classification number 39 ს-90
245 ## - ცნობა სათაურის შესახებ
Title სტუდენტ ეთნოლოგთა სამეცნიერო ნაშრომები /
Statement of responsibility, etc რედ. როლანდ თოფჩიშვილი ; ეთნოლოგიის სასწავლო-სამეცნიერო ინ-ტი.
264 ## - წარმოების, გამოცემის, დისტრიბუციის და სხვა ცნობები
გამოცემის, წარმოების, დისტრიბუციის... ადგილი თბილისი :
გამოცემის, წარმოების, დისტრიბუციის... სახელწოდება უნივერსალი,
გამოცემის, წარმოების, დისტრიბუციის... თარიღი 2015.
300 ## - ფიზიკური აღწერა
Extent 82 გვ. ;
Dimensions 20 სმ.
653 ## - INDEX TERM--UNCONTROLLED
Uncontrolled term სტუდენტ ეთნოლოგია სამეცნიერო ნაშრომებში
700 ## - ADDED ENTRY--PERSONAL NAME
Personal name თოფჩიშვილი, როლანდ
Relator term რედაქტორი
9 (RLIN) 23768
710 ## - ADDED ENTRY--CORPORATE NAME
Corporate name or jurisdiction name as entry element ეთნოლოგიის სასწავლო-სამეცნიერო ინ-ტი
9 (RLIN) 23769
942 ## - ADDED ENTRY ELEMENTS (KOHA)
Koha item type წიგნი
Source of classification or shelving scheme
ეგზემპლარები
ჩამოწერის სტატუსი დაკარგული ეგზემპლარის სტატუსი კლასიფიკაციის წყარო ან თაროზე გაწყობის სქემა დაზიანების სტატუსი არ გაიცემა მუდმივი მდებარეობა (დაცვის ადგილი) ამჟამინდელი ადგილსამყოფელი თაროზე განთავსების ადგილი შეძენის თარიღი სრული შენახვის შიფრი შტრიხკოდი ბოლო ოპერაციის თარიღი ეგზემპლარის მიმდევრობითი ნომერი (კეტერი?) ფასის ძალაში შესვლის თარიღი ეგზემპლარის სახეობა
          ბათუმის შოთა რუსთაველის სახელმწიფო უნივერსიტეტის მთავარი ბიბლიოთეკა ბათუმის შოთა რუსთაველის სახელმწიფო უნივერსიტეტის მთავარი ბიბლიოთეკა წიგნსაცავი 2018-12-17 39 ს-90 27460 2018-12-17 27460 2018-12-17 წიგნი